书目信息 |
| 题名: |
远离痔疮
|
|
| 作者: | 岩垂纯一 主编 ;黄艳 译 | |
| 分册: | ||
| 出版信息: | 北京 中国轻工业出版社 2002 |
|
| 页数: | 76页 | |
| 开本: | 18cm | |
| 丛书名: | 家庭保健百科 | |
| 单 册: | ||
| 中图分类: | R657.1 | |
| 科图分类: | ||
| 主题词: | 痔--防治 | |
| 电子资源: | ||
| ISBN: | 7-5019-3625-0 | |
| 000 | 00809nam2 2200253 450 | |
| 001 | 0123456023857 | |
| 005 | 20070730144240.95 | |
| 010 | @a7-5019-3625-0@dCNY8.00 | |
| 100 | @a20030303d2002 em y0chiy0121 ea | |
| 101 | 1 | @achi@cjpn |
| 102 | @aCN@b110000 | |
| 105 | @aa z 000yy | |
| 200 | 1 | @a远离痔疮@Ayuan li zhi chuang@f(日)岩垂纯一主编@g黄艳译 |
| 210 | @a北京@c中国轻工业出版社@d2002 | |
| 215 | @a76页@c图@d18cm | |
| 225 | 2 | @a家庭保健百科@Ajia ting bao jian bai ke |
| 330 | @a本书对于如何正确地认识痔疮这种疾病, 以及日常生活中生活的注意点和最新的治疗方法进行了详细说明。 | |
| 410 | 0 | @12001 @a家庭保健百科 |
| 606 | 0 | @a痔@x防治 |
| 690 | @aR657.1@v4 | |
| 701 | 0 | @a岩垂纯一@Ayan chui chun yi@4主编 |
| 702 | 0 | @a黄艳@Ahuang yan@4译 |
| 801 | 0 | @aCN@bWHC@c20070730 |
| 905 | @a10447@dR657.1@e39 | |
| 远离痔疮/(日)岩垂纯一主编/黄艳译.-北京:中国轻工业出版社,2002 |
| 76页:图;18cm.-(家庭保健百科) |
| ISBN 7-5019-3625-0:CNY8.00 |
| 本书对于如何正确地认识痔疮这种疾病, 以及日常生活中生活的注意点和最新的治疗方法进行了详细说明。 |
| ● |
| 相关链接 |
|
|
|
|
正题名:远离痔疮
索取号:R657.1/39
 
预约/预借
| 序号 | 登录号 | 条形码 | 馆藏地/架位号 | 状态 | 备注 |
| 1 | 0789492 | 207894929 | 第二样本阅览室/ [索取号:R657.1/39] | 在馆 | |
| 2 | 0789493 | 207894938 | 第三借阅区/ [索取号:R657.1/39] | 在馆 | |
| 3 | 0789494 | 207894947 | 第三借阅区/ [索取号:R657.1/39] | 在馆 | |
| 4 | 0789495 | 207894956 | 第三借阅区/ [索取号:R657.1/39] | 在馆 | |
| 5 | 0789496 | 207894965 | 第三借阅区/ [索取号:R657.1/39] | 在馆 |